BIBLIOTECA

SENCICO

El gran libro de las puertas / (Registro nro. 2297)

Detalles MARC
000 -LEADER
fixed length control field 00787nam a2200253Ia 4500
003 - CONTROL NUMBER IDENTIFIER
control field PE SENCICO BE
005 - DATE AND TIME OF LATEST TRANSACTION
control field 20260219160613.0
008 - FIXED-LENGTH DATA ELEMENTS--GENERAL INFORMATION
fixed length control field 200515s9999 xx 000 0 und d
020 ## - INTERNATIONAL STANDARD BOOK NUMBER
International Standard Book Number 978-9972-209-90-1
040 ## - CATALOGING SOURCE
Original cataloging agency PE SENCICO BE
Transcribing agency PE SENCICO BE
041 ## - LANGUAGE CODE
Language code of text/sound track or separate title spa
082 ## - DEWEY DECIMAL CLASSIFICATION NUMBER
Classification number 721.822
Item number L5
110 1# - MAIN ENTRY--CORPORATE NAME
Corporate name or jurisdiction name as entry element Lexus editores
9 (RLIN) 88
Relator term autor
245 10 - TITLE STATEMENT
Title El gran libro de las puertas /
Statement of responsibility, etc. Lexus Editores
250 ## - EDITION STATEMENT
Edition statement 1a ed.
260 ## - PUBLICATION, DISTRIBUTION, ETC.
Place of publication, distribution, etc. Lima :
Name of publisher, distributor, etc. Lexus ;
Date of publication, distribution, etc. 2010
300 ## - PHYSICAL DESCRIPTION
Extent 239 páginas :
Other physical details ilustraciones a color, láminas, tablas, gráficos ;
Dimensions 33 cm.
500 ## - GENERAL NOTE
General note En la cubierta: clásico, moderno, rústico.
650 10 - SUBJECT ADDED ENTRY--TOPICAL TERM
Topical term or geographic name entry element Puertas
9 (RLIN) 337
650 20 - SUBJECT ADDED ENTRY--TOPICAL TERM
Topical term or geographic name entry element Cerrajería
9 (RLIN) 338
650 20 - SUBJECT ADDED ENTRY--TOPICAL TERM
Topical term or geographic name entry element Diseño de interiores
9 (RLIN) 315
700 1# - ADDED ENTRY--PERSONAL NAME
Personal name Asensio, Óscar
9 (RLIN) 18
Relator term editor
942 ## - ADDED ENTRY ELEMENTS (KOHA)
Koha item type Libros
Source of classification or shelving scheme Dewey Decimal Classification
Existencias
Fecha de la última vez que lo usaron Número de ingreso o de inventario Pago total Signatura topográfica completa Código de barras Precio efectivo desde Tipo de documento Estado perdido Sistema de clasificación Estado dañado No es para préstamo Retirado Ubicación permanente Ubicación actual Fecha de adquisición
27/11/2025     721.822/L5 BibZareq25112608 27/11/2025 Libros   Dewey Decimal Classification       Biblioteca Arequipa Biblioteca Arequipa 27/11/2025
15/05/2020 15392   721.822/L5 BibLima25112607 15/05/2020 Libros   Dewey Decimal Classification       Biblioteca Central Lima Biblioteca Central Lima 19/02/2013